[Event "TCh-BIH"]
[Site "Neum BIH"]
[Date "2002.06.05"]
[Round "5"]
[White "Perunovic,Mil"]
[Black "Arapovic,V"]
[Result "1-0"]
[WhiteElo "2478"]
[BlackElo "2446"]

1.e4 e6 2.d4 d5 3.Nc3 Bb4 4.e5 Ne7 5.a3 Bxc3+ 6.bxc3 c5 7.h4 Nbc6 8.h5 h6
9.Qg4 Nf5 10.Bd3 O-O 11.Nf3 f6 12.Bxf5 exf5 13.Qg3 fxe5 14.Bxh6 Qf6 15.Bg5 f4
16.Qh4 Qf5 17.h6 g6 18.h7+ Kh8 19.dxe5 Nxe5 20.Nxe5 Qxe5+ 21.Kd2 Bf5 22.Qxf4 Rae8
23.Rae1 Qxf4+ 24.Bxf4 Rxe1 25.Rxe1 Be4 26.Be5+ Kxh7 27.f3 Bf5 28.Bd6 Rf7
29.Bxc5 b6 30.Bd4 g5 31.g4 Bd7 32.Re5 Kg6 33.Ke2 Rh7 34.Rxd5 Rh2+ 35.Kd3 Bc8
36.Be3 Rh3 37.Rxg5+ Kf6 38.Rg8 Be6 39.Bd4+ Kf7 40.Rg7+ Kf8 41.Ke4 Bf7 42.g5 Rg3
43.f4  1-0

[Event "6th Open"]
[Site "Voronezh RUS"]
[Date "2002.06.12"]
[Round "1"]
[White "Kornev,Alexe"]
[Black "Volodin,A"]
[Result "1-0"]
[WhiteElo "2552"]
[BlackElo "2325"]

1.e4 e6 2.d4 d5 3.Nc3 Bb4 4.e5 b6 5.Qg4 Bf8 6.Bb5+ c6 7.Ba4 a5 8.a3 Ba6 9.Nh3 Ne7
10.Nf4 g6 11.Nfe2 Qd7 12.Bg5 Bb5 13.Bf6 Rg8 14.Bxb5 cxb5 15.Qh3 h5 16.Qd3 Nf5
17.Nxb5 Qc6 18.O-O Bh6 19.a4 Kd7 20.Ra3 Rc8 21.Rc3 Qb7 22.Ng3 Bf8 23.Nxf5 exf5
24.Rxc8 Qxc8 25.Qb3 Qc6 26.Nc3 Ke6 27.Rd1 Na6 28.Nxd5 Qxd5 29.c4 Qb7 30.Qb5 f4
31.d5+ Kf5 32.Qb3 Nb4 33.Qh3+ Ke4 34.e6  1-0

[Event "EuTCh U18"]
[Site "Balatonlelle HUN"]
[Date "2002.06.14"]
[Round "3"]
[White "Helm,L"]
[Black "Hari,V"]
[Result "0-1"]
[WhiteElo "2194"]
[BlackElo "2051"]

1.e4 e6 2.d4 d5 3.Nc3 Bb4 4.e5 Ne7 5.a3 Bxc3+ 6.bxc3 b6 7.Qg4 Ng6 8.h4 h5
9.Qh3 Ba6 10.Nf3 Bxf1 11.Kxf1 Qd7 12.a4 c5 13.g4 Nc6 14.Bg5 Rc8 15.gxh5 Nge7
16.h6 gxh6 17.Bf6 Rg8 18.Rg1 Rxg1+ 19.Kxg1 Ng8 20.Qg4 Nxf6 21.exf6 Kd8 22.Ne5 Nxe5
23.dxe5 Kc7 24.h5 Rh8 25.Kh2 Qe8 26.Rg1 a5 27.Qg7 b5 28.axb5 a4 29.Ra1 Rg8
30.Qxh6 Rg4 31.f3 Rc4 32.Ra3 Kb6 33.Kg3 Qb8 34.Qg5 d4 35.cxd4 Rxd4 36.h6 Rd5
37.f4 Rd1 38.Kh4 Rh1+ 39.Rh3 Qa8 40.Qg3 a3 41.h7 a2 42.Rxh1 Qxh1+ 43.Kg5 a1=Q  0-1

[Event "EuTCh U18"]
[Site "Balatonlelle HUN"]
[Date "2002.06.15"]
[Round "4"]
[White "Dimitrijevic,A"]
[Black "Hari,V"]
[Result "1-0"]
[WhiteElo "2269"]
[BlackElo "2051"]

1.e4 e6 2.d4 d5 3.Nc3 Bb4 4.e5 Ne7 5.a3 Bxc3+ 6.bxc3 b6 7.Qg4 Ng6 8.h4 h5
9.Qg3 Ba6 10.Ne2 Bxe2 11.Bxe2 Nc6 12.Bd3 Nce7 13.Bg5 Qd7 14.a4 Nf5 15.Qf3 Nge7
16.O-O Nc6 17.Rfe1 g6 18.Bf6 Rh7 19.Rad1 Nce7 20.Bb5 c6 21.Ba6 Rb8 22.Rb1 Qc7
23.Qd3 Ng8 24.Bg5 Ngh6 25.c4 Rh8 26.Bf6 Rg8 27.cxd5 exd5 28.c4 dxc4 29.Bxc4 Ng4
30.Bg5 Kf8 31.f3  1-0

[Event "13th Open"]
[Site "Ljubljana SLO"]
[Date "2002.06.22"]
[Round "1"]
[White "Sax,G"]
[Black "Hari,V"]
[Result "1-0"]
[WhiteElo "2566"]
[BlackElo "2051"]

1.e4 e6 2.d4 d5 3.Nc3 Bb4 4.e5 Ne7 5.a3 Bxc3+ 6.bxc3 b6 7.Qg4 Ng6 8.h4 h5
9.Qg3 Ba6 10.Ne2 Kf8 11.a4 Ne7 12.Qg5 Nbc6 13.Nf4 Bxf1 14.Nxh5 Rxh5 15.Qxh5 Bc4
16.Qh8+ Ng8 17.h5 Ne7 18.Rh3 c5 19.Rg3 Nf5 20.h6 Ke7 21.Bg5+ f6 22.Bxf6+ Nxf6
23.Rxg7+ Nxg7 24.Qxg7+ Ke8 25.exf6  1-0

[Event "30th World Open"]
[Site "Philadelphia USA"]
[Date "2002.06.29"]
[Round "1"]
[White "Rust,L"]
[Black "Formanek,E"]
[Result "0-1"]
[WhiteElo "2004"]
[BlackElo "2293"]

1.e4 e6 2.d4 d5 3.Nc3 Bb4 4.e5 Ne7 5.a3 Bxc3+ 6.bxc3 Qd7 7.Nf3 b6 8.Bd3 Ba6
9.O-O Qa4 10.Bxa6 Nxa6 11.Bg5 Rc8 12.Qd3 c5 13.Bxe7 Kxe7 14.Nd2 cxd4 15.Qg3 dxc3
16.Qxg7 Qf4 17.g3 Rhg8 18.Qxh7 cxd2 19.Qd3 Nc5  0-1

[Event "30th World Open"]
[Site "Philadelphia USA"]
[Date "2002.07.01"]
[Round "3"]
[White "Schmaltz,R"]
[Black "Jussupow,A"]
[Result "1/2-1/2"]
[WhiteElo "2559"]
[BlackElo "2618"]

1.e4 e6 2.d4 d5 3.Nc3 Bb4 4.e5 Ne7 5.a3 Bxc3+ 6.bxc3 c5 7.Qg4 O-O 8.Bd3 Nbc6
9.Nf3 f5 10.exf6 Rxf6 11.Bg5 e5 12.Bxh7+ Kxh7 13.Qh5+ Kg8 14.Bxf6 gxf6 15.dxe5 Qf8
16.O-O Bf5 17.Rfe1 Qf7 18.Qh6 Rf8 19.Qe3 fxe5 20.Nxe5 Nxe5 21.Qxe5 Ng6 22.Qd6 Be4
23.f3 Nf4 24.fxe4 Nh3+ 25.Kh1  1/2-1/2

[Event "30th World Open"]
[Site "Philadelphia USA"]
[Date "2002.07.03"]
[Round "5"]
[White "Garcia,Gild"]
[Black "Formanek,E"]
[Result "1-0"]
[WhiteElo "2486"]
[BlackElo "2293"]

1.e4 e6 2.d4 d5 3.Nc3 Bb4 4.e5 Qd7 5.a3 Bxc3+ 6.bxc3 b6 7.a4 Ba6 8.Bxa6 Nxa6
9.Qg4 f5 10.Qh5+ g6 11.Qe2 Nb8 12.h4 h6 13.a5 b5 14.Nh3 a6 15.Nf4 Ne7 16.g4 Qc6
17.Kd2 Nd7 18.Ba3 Nf8 19.Rag1 Rh7 20.gxf5 gxf5 21.Nh5 Kd8 22.Nf6 Rh8 23.Qh5 Nfg6
24.Rxg6 Nxg6 25.Qxg6 Kc8 26.Qf7 Kb7 27.Rg1  1-0

[Event "FSGM July"]
[Site "Budapest HUN"]
[Date "2002.07.06"]
[Round "1"]
[White "Sedlak,N"]
[Black "Kristjansson,S"]
[Result "1-0"]
[WhiteElo "2468"]
[BlackElo "2428"]

1.e4 e6 2.d4 d5 3.Nc3 Bb4 4.e5 Ne7 5.a3 Bxc3+ 6.bxc3 c5 7.h4 Nbc6 8.h5 Qa5
9.Bd2 Bd7 10.h6 gxh6 11.Nf3 O-O-O 12.Bd3 c4 13.Be2 Ng8 14.Qc1 Rf8 15.a4 f6
16.Qa3 Rf7 17.Bf4 Nge7 18.exf6 Rxf6 19.Be5 Nxe5 20.dxe5 Rf5 21.Rxh6 Ng6 22.Qb4 Qc7
23.Qd6 Qxd6 24.exd6 b6 25.a5 Kb8 26.axb6 axb6 27.Kd2 Ne5 28.Nxe5 Rxe5 29.f4 Rf5
30.g3 Rf7 31.Rah1 Rg7 32.g4 Kb7 33.g5 Kc6 34.g6 Kxd6 35.gxh7 Ke7 36.Bf3 Be8
37.f5 exf5 38.Bxd5 Bf7 39.Bxf7 Kxf7 40.Ke3 b5 41.Kf3 f4 42.Kxf4 Rg2 43.R1h2 Rg1
44.Rb6 Rf1+ 45.Ke4 Kg7 46.Rg2+ Kf7 47.Rb7+  1-0

[Event "Open"]
[Site "Oberwart AUT"]
[Date "2002.07.10"]
[Round "6"]
[White "Al Sayed,Mohamad"]
[Black "Gasiunas,N"]
[Result "1-0"]
[WhiteElo "2405"]
[BlackElo "2199"]

1.e4 e6 2.d4 d5 3.Nc3 Bb4 4.e5 Ne7 5.Bd2 b6 6.f4 Bxc3 7.Bxc3 Ba6 8.Bxa6 Nxa6
9.Qd3 Nb8 10.Nf3 Nd7 11.O-O-O h5 12.Nh4 g6 13.h3 c5 14.g4 Nc6 15.Nf3 c4 16.Qd2 Qe7
17.f5 b5 18.fxe6 fxe6 19.Qg5 Qxg5+ 20.Nxg5 Ke7 21.Bd2 Raf8 22.Be3 a5 23.Kd2 Nb6
24.b3 a4 25.Rb1 b4 26.Ke2 axb3 27.axb3 Ra8 28.gxh5 gxh5 29.Rhf1 Ra2 30.Rf7+ Ke8
31.Kd1 Nd8 32.Rc7 Rf8 33.Nh7  1-0

[Event "SCCF State Ch"]
[Site "Costa Mesa USA"]
[Date "2002.07.13"]
[Round "1"]
[White "Ma,W"]
[Black "Altounian,L"]
[Result "1/2-1/2"]
[WhiteElo "2294"]
[BlackElo "2448"]

1.e4 e6 2.d4 d5 3.Nc3 Bb4 4.e5 Ne7 5.f4 c5 6.Bd2 Bxc3 7.bxc3 b6 8.Bb5+ Bd7
9.Bd3 Nbc6 10.Nf3 Qc7 11.O-O h6 12.Qe1 Na5 13.Qf2 Ba4 14.Rac1 Rc8 15.Qg3 g6  1/2-1/2

[Event "Dutch Open"]
[Site "Dieren NED"]
[Date "2002.07.13"]
[Round "5"]
[White "Nijboer,F"]
[Black "Jens,J"]
[Result "1-0"]
[WhiteElo "2567"]
[BlackElo "2369"]

1.e4 e6 2.d4 d5 3.Nc3 Bb4 4.e5 Ne7 5.a3 Bxc3+ 6.bxc3 c5 7.Qg4 O-O 8.Bd3 Nbc6
9.Qh5 Ng6 10.Nf3 Qc7 11.Be3 Nce7 12.h4 Bd7 13.Qg4 f5 14.Qh3 cxd4 15.cxd4 Bb5
16.O-O Bxd3 17.cxd3 Nc6 18.h5 Nge7 19.h6 g6 20.Bg5 a5 21.Rab1 a4 22.Rfc1 Qd7
23.Qh4 Rfe8 24.Rb6 Nc8 25.Rb2 N8a7 26.Kh1 Na5 27.Rg1 N7c6 28.g4 Nb3 29.gxf5 exf5
30.Rg2 Nd8 31.Rb1 Ne6 32.Bf6 Rac8 33.Qh2 Nbxd4 34.Nh4 Qf7 35.Rbg1 Nf8 36.f4 Rc3
37.Qg3 Nc2 38.Qf2 Nd7 39.Nxg6 Qxg6 40.Rxg6+ hxg6 41.Rxg6+ Kf8 42.Bg7+ Kg8
43.e6 Nf8 44.h7+  1-0

[Event "24th Politiken Cup"]
[Site "Copenhagen DEN"]
[Date "2002.07.16"]
[Round "2"]
[White "Christensen,St"]
[Black "Kiriakov,P"]
[Result "0-1"]
[WhiteElo "2194"]
[BlackElo "2553"]

1.e4 e6 2.d4 d5 3.Nc3 Bb4 4.e5 b6 5.Qg4 Bf8 6.Nf3 Ba6 7.Bxa6 Nxa6 8.O-O Qd7
9.Ne2 Ne7 10.Bg5 Nf5 11.Ng3 h6 12.Bd2 O-O-O 13.a3 g6 14.h4 Be7 15.Bb4 c5
16.dxc5 bxc5 17.Ba5 Rdg8 18.c4 h5 19.Qf4 Nxh4 20.cxd5 Nxf3+ 21.Qxf3 Qxd5
22.Qxf7 Re8 23.Rfd1 Qc6 24.b4 Rhf8 25.Qxg6 Rg8 26.Qxh5 Nb8 27.Rac1 Nd7 28.bxc5 Ref8
29.Rd6 Bxd6 30.exd6 Rf5 31.Qh7 Rfg5 32.Qf7 R5g6 33.Qf3 Ne5 34.Qxc6+ Nxc6
35.Bd2 Rg4 36.Be3 e5 37.Kf1 Ra4 38.Rc3 Rgg4 39.Nf5 Kd7 40.f3 Rg8 41.Nh6 Rb8
42.g4 Rb2 43.g5 Rh4 44.Kg1 Ke6 45.g6 Rh3 46.Bc1 Ra2 47.Ng4 Nd4 48.Nf2 Rg3+
49.Kf1 Nxf3 50.Rxf3 Rxf3  0-1

[Event "24th Politiken Cup"]
[Site "Copenhagen DEN"]
[Date "2002.07.19"]
[Round "5"]
[White "Collins,S"]
[Black "Matamoros Franco,C"]
[Result "1/2-1/2"]
[WhiteElo "2313"]
[BlackElo "2473"]

1.e4 e6 2.d4 d5 3.Nc3 Bb4 4.e5 Ne7 5.Nf3 c5 6.dxc5 Nd7 7.Bd3 Nxc5 8.O-O Bd7
9.Ng5 Nxd3 10.cxd3 O-O 11.Qg4 Bc5 12.Be3 Rc8 13.Bxc5 Rxc5 14.Qb4 b6 15.Qh4 h6
16.Nf3 Ng6 17.Qg3 Kh7 18.Nd4 f6 19.f4 fxe5 20.fxe5 Rxf1+ 21.Rxf1 Qb8 22.Re1 Rc8
23.h4 Rf8 24.Re3 Qc8 25.Nce2 Qc5 26.Kh2 Rf7 27.a3 a5 28.Qg4 Qc7 29.Kg1 Qc5
30.Qh5 Qe7 31.Rh3 Be8 32.Qg4 Nxe5 33.Qxe6 Qxe6 34.Nxe6 Bd7 35.N2d4 Rf6 36.Re3 Nxd3
37.Rxd3 Bxe6 38.Nxe6 Rxe6  1/2-1/2

[Event "Capital of Siberia Open"]
[Site "Novosibirsk RUS"]
[Date "2002.07.20"]
[Round "2"]
[White "Rusakov,E"]
[Black "Kovalev,E2"]
[Result "0-1"]
[WhiteElo "2049"]
[BlackElo "2173"]

1.e4 e6 2.d4 d5 3.Nc3 Bb4 4.e5 b6 5.Bd2 Ne7 6.a3 Bxc3 7.Bxc3 c5 8.f4 Nf5
9.Nf3 O-O 10.Qd2 a5 11.Qf2 Nc6 12.dxc5 d4 13.Bd2 bxc5 14.g4 Nfe7 15.Bd3 f6
16.exf6 Rxf6 17.Ng5 Rh6 18.Ne4 Qd5 19.Ng3 Ba6 20.Be4 Qd6 21.g5 Rh4 22.Ne2 Rh3
23.Qg2 Rh4 24.Qg3 Nf5 25.Bxf5 exf5 26.Qxh4 Re8 27.O-O-O Bxe2 28.Rde1 c4 29.Qf2 d3
30.Bc3 Re4 31.Rhg1 Rxf4 32.Qb6 Re4 33.cxd3 cxd3 34.Qb7 Ne7 35.g6 hxg6 36.Qa8+ Kf7
37.Qxa5 Nd5 38.Bd2 f4 39.Rg5 Nf6 40.Reg1 Bh5 41.Bb4 Qc6+ 42.Rc5 Rc4+  0-1

[Event "KB Czech Open"]
[Site "Pardubice CZE"]
[Date "2002.07.22"]
[Round "4"]
[White "Khruschiov,A"]
[Black "Psakhis,L"]
[Result "0-1"]
[WhiteElo "2395"]
[BlackElo "2574"]

1.e4 e6 2.d4 d5 3.Nc3 Bb4 4.e5 Ne7 5.a3 Bxc3+ 6.bxc3 c5 7.Nf3 b6 8.Bb5+ Bd7
9.Bd3 Ba4 10.O-O h6 11.Re1 c4 12.Bf1 Kd7 13.g3 Qg8 14.Bg2 Qh7 15.Re2 Na6
16.Qd2 Nc7 17.Bb2 Rag8 18.h4 Qf5 19.Bc1 Kc8 20.Ra2 Nb5 21.Rb2 a5 22.Rb1 Kb7
23.Nh2 g5 24.hxg5 hxg5 25.Nf1 g4 26.Ne3 Qh5 27.Re1 Ka6 28.Bb2 Nf5 29.Rbc1 Rh7
30.Nxf5 Qxf5 31.Re3 Na7 32.f3 Nc6 33.fxg4 Rxg4 34.Rf3 Rg6 35.Qf2 Ne7 36.Rf1 Rh8  0-1

[Event "KB Czech Open"]
[Site "Pardubice CZE"]
[Date "2002.07.23"]
[Round "5"]
[White "Inarkiev,E"]
[Black "Kristjansson,S"]
[Result "1/2-1/2"]
[WhiteElo "2545"]
[BlackElo "2428"]

1.e4 e6 2.d4 d5 3.Nc3 Bb4 4.e5 Ne7 5.a3 Bxc3+ 6.bxc3 c5 7.Nf3 b6 8.Bb5+ Bd7
9.Bd3 Ba4 10.Bf4 h6 11.h4 c4 12.Be2 Kd7 13.h5 Qg8 14.Qd2 Nbc6 15.Nh2 a5 16.Ra2 b5
17.O-O Qh7 18.Re1 Ra7 19.Bg4 Rb8 20.Rea1 Rba8 21.Rb2 Rb7 22.Nf1 Rb6 23.Ne3 Qe4
24.Bg3 Qh7 25.Bh4 Rab8 26.Rab1 Ke8 27.Bg3 R8b7 28.Bh3 Nd8 29.f4 f5 30.exf6 gxf6
31.f5 Nf7 32.Ng4 exf5 33.Nf2 Re6 34.Rf1 Ng5 35.Rbb1 Qf7 36.Rbe1 Rbb6 37.Bc7 Ra6
38.Qd1 Rxe1 39.Rxe1 Kd7 40.Bf4 Re6 41.Rf1 Qh7 42.Kh2 Nc8 43.Bxg5 fxg5 44.Ne4 Kc6
45.Bxf5 Qc7+ 46.Ng3 Re3 47.Rf3 Rxf3 48.Qxf3 Ne7 49.Bh7 Qd6 50.Qf8 Kd7 51.Qf7 Qxa3
52.Bf5+ Kc7 53.Nf1 Qd6+ 54.g3 b4 55.cxb4 axb4 56.Ne3 Bd7 57.Bxd7 Kxd7 58.Ng4 b3
59.cxb3 cxb3 60.Nf6+ Kc6 61.Ne8 Qd7 62.Nf6 Qb7 63.Qe6+ Kb5 64.Nd7 b2 65.Nc5 Qb6
66.Qe2+ Ka5 67.Qe1+ Kb5 68.Qe2+ Ka5 69.Qe1+ Kb5  1/2-1/2

[Event "Mercosur Cup"]
[Site "Vicente Lopez ARG"]
[Date "2002.07.25"]
[Round "8"]
[White "Valerga,D"]
[Black "Rodriguez,And URU"]
[Result "0-1"]
[WhiteElo "2487"]
[BlackElo "2467"]

1.e4 e6 2.d4 d5 3.Nc3 Bb4 4.e5 Ne7 5.Bd2 b6 6.Nf3 O-O 7.Bd3 h6 8.Ne2 Bxd2+
9.Qxd2 Ba6 10.Bxa6 Nxa6 11.O-O c5 12.c3 Rc8 13.Nf4 cxd4 14.cxd4 Qd7 15.Nh5 Qb5
16.b3 Ng6 17.h4 Nb4 18.a4 Qa5 19.Rac1 Nc6 20.Nf6+ Kh8 21.Qe3 Qb4 22.Ng4 Kh7
23.Qd3 Kg8 24.Qb5 Nge7 25.Ne3 a6 26.Qxb4 Nxb4 27.Rfd1 Nec6 28.Kf1 Na5 29.Nd2 Nd3
30.Rb1 Rc3 31.b4 Nc6 32.b5 axb5 33.Rxb5 Nxd4 34.Rxb6 Nxe5 35.Ne4 Rxe3 36.fxe3 Nf5
37.Ke2 Nxe3 38.Rdb1 N3c4 39.R6b5 dxe4 40.a5 Nc6 41.a6 Nd4+  0-1

[Event "Lasker Mem Open"]
[Site "Barlinek POL"]
[Date "2002.07.26"]
[Round "8"]
[White "Senff,M"]
[Black "Socko,M"]
[Result "1/2-1/2"]
[WhiteElo "2464"]
[BlackElo "2347"]

1.e4 e6 2.d4 d5 3.Nc3 Bb4 4.e5 Ne7 5.a3 Bxc3+ 6.bxc3 c5 7.Qg4 Kf8 8.Bd2 Qc7
9.Bd3 b6 10.Nh3 Ba6 11.O-O Bxd3 12.cxd3 Nbc6 13.Nf4 Nf5 14.Nh5 h6 15.a4 Qd8
16.dxc5 g6 17.Ng3 bxc5 18.Nxf5 exf5 19.Qf4 Qd7 20.Rfe1 Kg7 21.Rab1  1/2-1/2

[Event "24th Politiken Cup"]
[Site "Copenhagen DEN"]
[Date "2002.07.26"]
[Round "11"]
[White "Hanley,C"]
[Black "Matamoros Franco,C"]
[Result "1/2-1/2"]
[WhiteElo "2331"]
[BlackElo "2473"]

1.e4 e6 2.d4 d5 3.Nc3 Bb4 4.e5 Ne7 5.f4 c5 6.Bd2 Nbc6 7.Nf3 O-O 8.dxc5 Bxc5
9.Bd3 f6 10.exf6 Rxf6 11.Qe2 Bd7 12.O-O-O a6 13.Ne5 Nxe5 14.Qxe5 b5 15.Qh5 Rh6
16.Qf3 Rf6 17.Qh5 Rh6 18.Qf3 Rf6 19.Qh5  1/2-1/2

[Event "6th Open"]
[Site "Korinthos GRE"]
[Date "2002.07.28"]
[Round "6"]
[White "Khamatgaleev,A"]
[Black "Kyriakidis,T"]
[Result "1-0"]
[WhiteElo "2416"]
[BlackElo "2128"]

1.e4 e6 2.d4 d5 3.Nc3 Bb4 4.e5 Ne7 5.a3 Bxc3+ 6.bxc3 c5 7.h4 b6 8.h5 h6 9.Qg4 Kf8
10.Rh3 Ba6 11.Rf3 Qd7 12.Qf4 Nec6 13.a4 Bxf1 14.Kxf1 Na6 15.g4 Rc8 16.Nh3 cxd4
17.cxd4 Ke8 18.g5 Kd8 19.gxh6 Rxh6 20.Qg5+ f6 21.exf6 Rxf6 22.Rxf6 gxf6 23.Qxf6+ Kc7
24.Ng5 Kb7 25.h6 e5 26.Qf7  1-0

[Event "6th Open"]
[Site "Korinthos GRE"]
[Date "2002.07.29"]
[Round "7"]
[White "Makropoulou,M"]
[Black "Kyriakidis,T"]
[Result "1/2-1/2"]
[WhiteElo "2300"]
[BlackElo "2128"]

1.e4 e6 2.d4 d5 3.Nc3 Bb4 4.e5 Ne7 5.f4 c5 6.Bd2 Nbc6 7.Nb5 Bxd2+ 8.Qxd2 Nxd4
9.Nxd4 cxd4 10.Nf3 Bd7 11.Nxd4 a6 12.O-O-O Rc8 13.Kb1 Nc6 14.Nxc6 bxc6 15.h4 Qb6
16.Rh3 c5 17.Rb3 Qc6 18.Qa5 Qa4 19.Qxa4 Bxa4 20.Bxa6 Bxb3 21.Bxc8 Bc4 22.b3 Bb5
23.a4 Bc6 24.Ba6 Kd7 25.Bf1 Rb8 26.Kc1 Rb4 27.g3 h5 28.Kd2 Kc7 29.Ra1 Rd4+
30.Bd3 Rb4 31.Ra3 d4 32.c3 dxc3+ 33.Kxc3 Bd5 34.Bc2 Kb6 35.a5+ Ka7 36.Bd3 f6
37.exf6 gxf6 38.Bg6 e5 39.fxe5 Rg4 40.Bxh5 Rxg3+ 41.Kd2 fxe5 42.Ra4 Rxb3
43.Be2 e4 44.h5 Rh3 45.a6 c4 46.Bxc4 Bxc4 47.Rxc4 Rxh5 48.Rxe4 Kxa6  1/2-1/2

[Event "It"]
[Site "Sudak UKR"]
[Date "2002.08.02"]
[Round "1"]
[White "Vozovic,O"]
[Black "Kagramanianz,V"]
[Result "1/2-1/2"]
[WhiteElo "2291"]
[BlackElo "2305"]

1.e4 e6 2.d4 d5 3.Nc3 Bb4 4.e5 Qd7 5.a3 Bxc3+ 6.bxc3 b6 7.Qg4 f5 8.Qg3 Ba6
9.Bxa6 Nxa6 10.Ne2 Kf7 11.a4 Nb8 12.h4 Nc6 13.Nf4 Nge7 14.Nh5 Rhg8 15.Qf3 Raf8
16.g4 Ke8 17.g5 Na5 18.Nf4 Qc6 19.Ba3 Kd7 20.Bb4 Nc4 21.a5 Nxa5 22.Bxa5 bxa5
23.Rxa5 Ng6 24.Nxg6 hxg6 25.Rxa7 Ra8 26.Rxa8 Rxa8 27.Kd2 Ra2 28.h5 Qa4 29.Qd3 c5
30.dxc5 Kc6 31.h6 gxh6 32.gxh6 Qf4+ 33.Qe3 Qa4 34.Rc1 Qa7 35.f4 Ra4 36.Rb1 Re4
37.Rb6+ Kc7 38.h7 Qa8 39.Qh3 Qa1 40.Qg3 Qf1 41.c4 d4 42.Rb7+ Kc6 43.Rb6+ Kc7
44.Rb7+ Kc6 45.Rb6+ Kc7 46.Rb7+ Kc6  1/2-1/2

[Event "TUR-GEO Chess Summit"]
[Site "Ankara TUR"]
[Date "2002.08.15"]
[Round "12"]
[White "Gelashvili,T"]
[Black "Haznedaroglu,K"]
[Result "1-0"]
[WhiteElo "2551"]
[BlackElo "2370"]

1.e4 e6 2.d4 d5 3.Nc3 Bb4 4.e5 Qd7 5.a3 Bxc3+ 6.bxc3 b6 7.a4 Ba6 8.Bxa6 Nxa6
9.Qd3 Nb8 10.Qg3 f5 11.Ne2 Nc6 12.O-O O-O-O 13.Qd3 Na5 14.Qa6+ Kb8 15.Nf4 Ne7
16.Ba3 Nec6 17.Bb4 g5 18.Nh5 Nc4 19.a5 Qc8 20.Qb5 Nxb4 21.Qxb4 Rd7 22.Nf6 Rf7
23.Rfb1 h5 24.Qa4 Re7 25.Rb4 h4 26.f3 g4 27.f4 h3 28.g3 Rd8 29.Kf2 Qb7 30.a6 Qa8
31.Ke2 c6 32.Rbb1 Rc7 33.Kd3 Kc8 34.Rb4 c5 35.Rb5 cxd4 36.cxd4 Qc6 37.Qb3 Rf8
38.c3 Kd8 39.Qb4 Rxf6 40.exf6 Nd6 41.Rxb6  1-0

[Event "13th Summer Open"]
[Site "Recklinghausen GER"]
[Date "2002.08.21"]
[Round "5"]
[White "Braslavskij,A"]
[Black "Mainka,G"]
[Result "0-1"]
[WhiteElo "2217"]
[BlackElo "2319"]

1.e4 e6 2.d4 d5 3.Nc3 Bb4 4.e5 Ne7 5.a3 Bxc3+ 6.bxc3 c5 7.Nf3 Bd7 8.dxc5 Nbc6
9.Be3 Qa5 10.Qd2 O-O-O 11.Bd3 f6 12.Bd4 Rdf8 13.Rd1 Ng6 14.Bxg6 hxg6 15.O-O g5
16.h3 Rh6 17.Qe3 Qa4 18.Ne1 Rh4 19.f4 fxe5 20.fxe5 Rxf1+ 21.Kxf1 Rf4+ 22.Kg1 Qxa3
23.Nd3 Nxd4 24.cxd4 Qc3 25.Kh2 Qxd4 26.Qd2 Rf5 27.Rb1 Bc6 28.Rb4 Qa1 29.Rg4 Bb5
30.c6 bxc6 31.c3 Qf1 32.Nc1 Rxe5 33.Qd4 Re4 34.Rxe4 dxe4 35.Qxa7 Qf4+ 36.Kh1 Qxc1+
37.Kh2 Qf4+ 38.Kh1 Qc7 39.Qe3 Qf4 40.Qa7 Qf1+ 41.Kh2 Qf4+ 42.Kh1 e3 43.Qa8+ Kc7
44.Qa7+ Kd6 45.Qa3+ Kd5 46.Qb3+ Bc4 47.Qd1+ Kc5  0-1

[Event "11th Open"]
[Site "Apolda GER"]
[Date "2002.08.23"]
[Round "3"]
[White "Sieber,S"]
[Black "Renner,C"]
[Result "0-1"]
[WhiteElo "2141"]
[BlackElo "2412"]

1.e4 e6 2.d4 d5 3.Nc3 Bb4 4.e5 Ne7 5.a3 Bxc3+ 6.bxc3 b6 7.Bd3 Ba6 8.f4 c5
9.Nf3 Bxd3 10.Qxd3 Nbc6 11.O-O Rc8 12.Bd2 Na5 13.g4 Qd7 14.Nh4 h5 15.f5 hxg4
16.fxe6 Qxe6 17.Nf5 Nxf5 18.Rxf5 Rh3 19.Qb5+ Kf8 20.Raf1 Nc4 21.Bg5 Rf3 22.R1xf3 gxf3
23.Rxf3 cxd4 24.cxd4 Qg4+ 25.Kf2 Qxd4+ 26.Be3 Qh4+ 27.Ke2 Nxe5  0-1

[Event "XIV Open"]
[Site "Porto San Giorgio ITA"]
[Date "2002.08.28"]
[Round "9"]
[White "Rigo,Ja"]
[Black "Zaja,I"]
[Result "1-0"]
[WhiteElo "2303"]
[BlackElo "2459"]

1.e4 e6 2.d4 d5 3.Nc3 Bb4 4.e5 b6 5.a3 Bf8 6.Nf3 Ba6 7.Bxa6 Nxa6 8.Qd3 Nb8
9.Ne2 Qd7 10.O-O c5 11.c4 Ne7 12.Nf4 cxd4 13.Nxd4 dxc4 14.Qxc4 Nec6 15.Nf3 g6
16.Bd2 Bg7 17.Rfd1 Qb7 18.Nxe6 fxe6 19.Qxe6+ Ne7 20.Bb4 Nc6 21.Bxe7 Nxe7
22.Ng5 Rf8 23.Nxh7 Qc8 24.Nxf8 Kxf8 25.Rd7 Qc5 26.Rad1 Re8 27.Re1 Qc2 28.h3 Qf5
29.Qd6 Bh6 30.Rxa7 Bg5 31.Rb7 Kg7 32.Qd7 Qf8 33.Qg4  1-0

[Event "5th Pyramiden-Franken Cup"]
[Site "Fuerth GER"]
[Date "2002.09.06"]
[Round "7"]
[White "Langheinrich,F"]
[Black "Farago,I"]
[Result "1-0"]
[WhiteElo "2360"]
[BlackElo "2502"]

1.e4 e6 2.d4 d5 3.Nc3 Bb4 4.e5 Ne7 5.a3 Bxc3+ 6.bxc3 c5 7.Qg4 Qc7 8.Bd3 c4
9.Be2 Nf5 10.Nf3 Qa5 11.Bd2 Nc6 12.Qh5 h6 13.g4 Nfe7 14.Ng5 Rf8 15.Nh7 Rg8
16.Rg1 Bd7 17.g5 Rh8 18.gxh6 Rxh7 19.Rxg7 Rh8 20.Qxf7+ Kd8 21.Qf6 Kc7 22.Rxe7 Nxe7
23.Qxe7 Rag8 24.Kf1 Rxh6 25.Bxh6 Qxc3 26.Bg4 Qxa1+ 27.Ke2 Qc3 28.Qc5+ Kb8
29.Qd6+ Ka8 30.Qxd7 Qxc2+ 31.Ke1 Qe4+ 32.Be2 c3  1-0

[Event "SUI-GER"]
[Site "Zurich GER"]
[Date "2002.09.08"]
[Round "2"]
[White "Lutz,C"]
[Black "Pelletier,Y"]
[Result "0-1"]
[WhiteElo "2655"]
[BlackElo "2571"]

1.e4 e6 2.d4 d5 3.Nc3 Bb4 4.e5 Ne7 5.a3 Bxc3+ 6.bxc3 c5 7.Qg4 O-O 8.Bd3 Nbc6
9.Qh5 Ng6 10.Nf3 Nce7 11.dxc5 b6 12.c6 Qc7 13.O-O f5 14.exf6 gxf6 15.c4 dxc4
16.Bxc4 Qxc6 17.Bb3 Kh8 18.Nd4 Qe4 19.Rd1 Rd8 20.Be3 e5 21.Ne6 Bb7 22.Qh3 Rg8
23.Bg5 fxg5 24.Nxg5 Qh4 25.Qxh4 Nxh4 26.Bxg8 Rxg8 27.Rd8 Rxd8 28.Nf7+ Kg7
29.Nxd8 Bxg2 30.Rd1 Bd5 31.c4 Bxc4 32.Rd7 Kf8 33.Rxa7 Ke8 34.Nb7 Nhf5 35.a4 Nc8
36.Ra8 Kd7 37.a5 Bd5 38.a6 Kc7 39.Kf1 Nfe7 40.Ke1 Bf3 41.Kd2 Nc6 42.Ke3 Bd5
43.f4 exf4+ 44.Kxf4 N6a7  0-1

[Event "Kaissa I"]
[Site "Alushta UKR"]
[Date "2002.09.10"]
[Round "13"]
[White "Konstantinov,Alexa"]
[Black "Khudiakov,A"]
[Result "1-0"]
[WhiteElo "2410"]
[BlackElo "2314"]

1.e4 e6 2.d4 d5 3.Nc3 Bb4 4.e5 Ne7 5.a3 Bxc3+ 6.bxc3 c5 7.Qg4 Qc7 8.Qxg7 Rg8
9.Qxh7 cxd4 10.Ne2 dxc3 11.f4 Nbc6 12.Qd3 Bd7 13.Qxc3 Nf5 14.Rg1 O-O-O 15.g4 d4
16.Qc5 Nh4 17.Rg3 Be8 18.h3 Na5 19.Qxc7+ Kxc7 20.Bd2 Nc4 21.Bb4 Ng6 22.Rd1 Ne3
23.Rd2 Nxf1 24.Kxf1 Bb5 25.Bd6+ Kd7 26.Rxd4  1-0

[Event "Autumn I"]
[Site "Alushta UKR"]
[Date "2002.09.16"]
[Round "2"]
[White "Yagupov,I"]
[Black "Arbakov,V"]
[Result "1-0"]
[WhiteElo "2460"]
[BlackElo "2445"]

1.e4 e6 2.d4 d5 3.Nc3 Bb4 4.e5 b6 5.a3 Be7 6.Bb5+ c6 7.Ba4 Bd7 8.Nce2 c5
9.Bb3 Nc6 10.Nf3 Na5 11.Ba2 Bb5 12.O-O h5 13.c3 Qd7 14.Bg5 h4 15.Re1 c4 16.Nf4 Ba4
17.Qe2 O-O-O 18.g3 hxg3 19.fxg3 Bb3 20.Bxb3 Nxb3 21.Rad1 Re8 22.Bxe7 Qxe7
23.h4 Nh6 24.Kg2 Nf5 25.Rh1 Na5 26.Kf2 Nc6 27.Ng5 Nd8 28.b3 cxb3 29.c4 dxc4
30.Qxc4+ Kb8 31.Qxb3 Nc6 32.Nf3 Rd8 33.Qb2 Qb7 34.d5 exd5 35.Rxd5 Rxd5 36.Nxd5 Ncd4
37.Nxd4 Qxd5 38.Rd1 Ka8 39.Qc3 Qe4 40.Nxf5 Qxf5+ 41.Qf3+ Qxf3+ 42.Kxf3 Rb8
43.Rd7 Rb7 44.Rd8+ Rb8 45.Rxb8+ Kxb8 46.h5 Kc7 47.g4 Kd7 48.g5 Ke7 49.Ke4  1-0

[Event "VI Pablo Gorbea Mem"]
[Site "Madrid ESP"]
[Date "2002.09.21"]
[Round "6"]
[White "Vazquez,R"]
[Black "Simonsen,H"]
[Result "1-0"]
[WhiteElo "2406"]
[BlackElo "2218"]

1.e4 e6 2.d4 d5 3.Nc3 Bb4 4.e5 Ne7 5.a3 Bxc3+ 6.bxc3 b6 7.Qg4 Kf8 8.Nf3 c5
9.a4 Ba6 10.Bd3 Bxd3 11.cxd3 cxd4 12.cxd4 Nbc6 13.Ba3 Kg8 14.O-O Nf5 15.Rac1 Rc8
16.Qf4 h6 17.h4 Kh7 18.h5 Rg8 19.g3 g5 20.hxg6+ fxg6 21.Kg2 g5 22.Qg4 Nh4+
23.Nxh4 gxh4 24.Qxe6 Nxd4 25.Qf7+ Rg7 26.Rxc8 Qxc8 27.Qxd5 Nf5 28.Rc1 Qe8
29.Qe4 Qh5 30.Rh1 Qg6 31.e6 hxg3 32.f3 Kg8 33.e7 Nxe7 34.Bxe7 Qxe4 35.dxe4 Rxe7
36.Rxh6 Re5 37.Rc6 Rg5 38.Rc8+ Kh7 39.Rc7+ Rg7 40.Rxg7+ Kxg7 41.Kxg3 a5 42.Kf4  1-0

[Event "VI Pablo Gorbea Mem"]
[Site "Madrid ESP"]
[Date "2002.09.23"]
[Round "8"]
[White "Paredes Sanchez,J"]
[Black "Simonsen,H"]
[Result "0-1"]
[WhiteElo "2163"]
[BlackElo "2218"]

1.e4 e6 2.d4 d5 3.Nc3 Bb4 4.e5 Ne7 5.a3 Bxc3+ 6.bxc3 b6 7.Qg4 Kf8 8.h4 c5
9.h5 h6 10.Nf3 Ba6 11.a4 cxd4 12.cxd4 Qc7 13.Bxa6 Qc3+ 14.Ke2 Nxa6 15.Ba3 Qc4+
16.Kd2 Nb4 17.Ne1 Rc8 18.Rh3 Kg8 19.c3 Nbc6 20.Qf4 Nf5 21.g4 Nfxd4 22.cxd4 Nxd4
23.Qe3 Nb3+ 24.Qxb3 Qd4+ 25.Rd3 Qxa1 26.Bb2 Qb1 27.f4 Rc4 28.f5 Rf4 29.Rf3 Rxf3
30.Nxf3 exf5 31.e6 f6 32.Qc2 Qxc2+ 33.Kxc2 fxg4 34.Nh4 Kh7 35.Ng6 g3 36.Kd3 g2  0-1